000 00769nam a2200217 a 4500
001 000006477
005 20260306091826.0
008 090831s1989 dr 000 p spa d
040 _aDO-SdBNP
_bspa
_cBNPHU
082 _aRD861.44
_bM351en
100 1 _aMármol, José,
_d1960-
_96454
245 1 0 _aEncuentro con las mismas otredades (2) /
_cJosé Mármol ; prólogo Franklin Mieses Burgos.
260 _aSanto Domingo :
_bEdiciones MSC,
_c1989.
300 _a76 p. ;
_c22 cm.
500 _aIncluye datos biográficos del autor en las solapas
590 _aInventariado, 2018/LP
650 0 _aPoesía dominicana
_966
650 0 _aLiteratura dominicana.
_967
700 1 2 _aMieses Burgos, Franklin,
_d1907-1976
_epról.
_91952
910 _aValidado. Control de calidad MFF
999 _c6268
_d6268